Pageant of wildlife (Record no. 16551)

MARC details
000 -LEADER
fixed length control field 00433nam a2200169Ia 4500
008 - FIXED-LENGTH DATA ELEMENTS--GENERAL INFORMATION
fixed length control field 230917s9999||||xx |||||||||||||| ||und||
020 ## - ISBN
Price RS6995
040 ## - CATALOGING SOURCE
-- 229063
Original cataloging agency VIVEKANANDA LIBRARY
041 ## - Language
-- English
082 ## - DDC NUMBER
Classification number 590 P635P
100 ## - MAIN ENTRY--PERSONAL NAME
Personal name Pike, Oliver
245 #0 - TITLE STATEMENT
Title Pageant of wildlife
260 ## - PUBLICATION, DISTRIBUTION, ETC. (IMPRINT)
Place of publication, distribution, etc New Delhi
Name of publisher, distributor, etc Agri-Biovet Press
Date of publication, distribution, etc 2016
300 ## - PHYSICAL DESCRIPTION
Pages 311 p.
500 ## - GENERAL NOTE
General note 2169 09/11/2015 PBA15/471 10/11/2015 Main Budget
942 ## - ADDED ENTRY ELEMENTS (KOHA)
Koha item type Books
Holdings
Withdrawn status Lost status Damaged status Not for loan Location (home branch) Sublocation or collection (holding branch) Date acquired Koha issues (times borrowed) Koha full call number Accession No. Koha date last seen Koha item type
        VIVEKANANDA LIBRARY VIVEKANANDA LIBRARY 02/02/2016   590 P635P 355483 17/09/2023 Books
© Designed and Maintained by Vivekananda Library, MDU Rohtak